Marques de Whisky - Mort Subite - Statistiques

Statistiques générales
  • Ce quiz a été pris 336 fois
  • Le résultat moyen est 5 sur 30
Answers on the Grid
Answers color-coded by a green-red scale on the quiz's grid according to % correct below.
Aberlour
Akashi
Ballantines
Black Velvet
Clan Campbell
Chivas
Dalmore
Dimple
Ezra
Flatnose
Galaad
Grant
Hwayo
Invergodon
Jura
Johnnie Walker
Label 5
Kininvie
Ninkasi
Nikka
Old Saint Andrews
Passport
Rebel Yell
SIA
45 South
Yellow Spot
Uberach
The Irishman
Evan Williams
Nationale 10
Oui Ski
After Night
Flavour Delta
Evadair
Jimmie Johnson
Yamakasi
25 North
Golden Water
CaramelWings
BasseFeuille
Connemarine
Andros
Brown Dog
Baileys
Smirnoff
IrelandDrinks
Captain Morgan
8666
 
Statistiques - réponses
Réponse % Correct
Label 5
60%
Clan Campbell
52%
Ballantines
46%
Chivas
42%
Grant
38%
Johnnie Walker
36%
The Irishman
24%
Aberlour
21%
Old Saint Andrews
20%
Nikka
19%
Akashi
16%
Dalmore
16%
Ninkasi
13%
Evan Williams
11%
Jura
11%
Rebel Yell
8%
45 South
7%
Black Velvet
7%
Yellow Spot
5%
Ezra
4%
Flatnose
4%
Dimple
3%
Galaad
3%
Uberach
3%
Hwayo
2%
Invergodon
2%
Kininvie
2%
Passport
2%
Nationale 10
1%
SIA
1%
Aucun quiz correspondant
Distribution des résultats
% des personnes avec chaque résultat
Percentile par nombre de réponses
Votre historique - résultats
Vous n’avez pas pris ce quiz